[Event "IECC CL0-2018.00 email"]
[Site "IECC email"]
[Date "2018.10.28"]
[Round "?"]
[White "Alonso, Sergio"]
[Black "Chura, Michal"]
[Result "1/2-1/2"]
[WhiteElo "1331"]
[BlackElo "1082"]
[PlyCount "69"]
[EventDate "2018.09.21"]
[EventType "tourn (corr)"]
[EventRounds "4"]
[SourceTitle "Corr 2022"]
[Source "ChessBase"]
[SourceDate "2021.10.24"]
[SourceVersion "1"]
[SourceVersionDate "2021.10.24"]
[SourceQuality "1"]

1. Nf3 c5 2. c4 Nc6 3. b3 e6 4. Bb2 Nf6 5. e3 Be7 6. Be2 0-0 7. 0-0 b6 8. d4 cxd4 9. Nxd4 Bb7 10. Bf3 Rc8 11. Nc3 a6 12. Rc1 Qc7 13. Nd5 exd5 14. cxd5 Bc5 15. dxc6 dxc6 16. Nxc6 Bxc6 17. Bxc6 Qxc6 18. b4 Rcd8 19. Qb3 Ne4 20. bxc5 Nd2 21. Qc3 Qg6 22. Rfd1 Nf3+ 23. Kh1 Nh4 24. Rg1 Rd3 25. Qe5 bxc5 26. Qxc5 Rfd8 27. Bd4 Rd2 28. Qc7 Qg5 29. f4 Qd5 30. Qe5 Qxe5 31. fxe5 Rxa2 32. Ra1 Rxa1 33. Rxa1 Ra8 34. Kg1 Kf8 35. Ra4 1/2-1/2

[Event "IECC CL0-2018.00 email"]
[Site "IECC email"]
[Date "2018.10.28"]
[Round "?"]
[White "Alonso, Sergio"]
[Black "Shim Ng Min, Francis"]
[Result "0-1"]
[WhiteElo "1331"]
[BlackElo "1231"]
[PlyCount "66"]
[EventDate "2018.09.21"]
[EventType "tourn (corr)"]
[EventRounds "4"]
[SourceTitle "Corr 2022"]
[Source "ChessBase"]
[SourceDate "2021.10.24"]
[SourceVersion "1"]
[SourceVersionDate "2021.10.24"]
[SourceQuality "1"]

1. b3 e5 2. Bb2 d6 3. e3 Nf6 4. c4 c5 5. Nc3 Be7 6. d4 cxd4 7. exd4 exd4 8. Nb5 Qa5+ 9. Qd2 Qxd2+ 10. Kxd2 Na6 11. f3 Bd7 12. Nxd4 0-0 13. Bd3 Nc5 14. Nf5 Bxf5 15. Bxf5 Rfd8 16. Kc2 d5 17. Ne2 dxc4 18. bxc4 g6 19. Bh3 Nd3 20. Bc3 Nf2 21. Rhb1 b6 22. Ng1 Nxh3 23. Nxh3 Rac8 24. Kb3 Rd7 25. Rd1 Rdc7 26. Bxf6 Bxf6 27. Rac1 b5 28. c5 Rxc5 29. Rxc5 Rxc5 30. Rd2 a5 31. a4 Rc3+ 32. Ka2 b4 33. Rd6 Kg7 0-1